Gone Girl (Record no. 354641)

MARC details
000 -LEADER
fixed length control field 00363nam a2200157Ia 4500
008 - FIXED-LENGTH DATA ELEMENTS--GENERAL INFORMATION
fixed length control field 230719s9999 xx 000 0 und d
041 ## - LANGUAGE CODE
Language code of text/sound track or separate title eng
082 ## - DEWEY DECIMAL CLASSIFICATION NUMBER
Classification number 813.6
Item number FLY
100 ## - MAIN ENTRY--PERSONAL NAME
Personal name Flynn G.
9 (RLIN) 203938
245 ## - TITLE STATEMENT
Title Gone Girl
Remainder of title A Novel
260 ## - PUBLICATION, DISTRIBUTION, ETC. (IMPRINT)
Date of publication, distribution, etc. 2012
Name of publisher, distributor, etc. Broadway Books
300 ## - PHYSICAL DESCRIPTION
Extent 422
365 ## - TRADE PRICE
Currency code Rs.
Price amount 290.00
700 ## - ADDED ENTRY--PERSONAL NAME
Personal name Flynn G.
9 (RLIN) 203938
906 ## - LOCAL DATA ELEMENT F, LDF (RLIN)
b 145
Holdings
Withdrawn status Lost status Damaged status Not for loan Home library Current library Shelving location Date acquired Vendor Cost, normal purchase price Total Checkouts Full call number Barcode Checked out Date last seen Date last checked out Discount Cost, replacement price Bill Date Koha item type Original Barcode
        Cummins College of Engineering for Women Pune Cummins College of Engineering for Women Pune Donated Book 12/08/2021 Masurkar Enterprises 290.00 47 813.6 CCEP-DB-846 06/04/2026 23/03/2026 23/03/2026 145 145.00 19/07/2023 Books D00846